000
00514nam a2200169Ia 4500
008
090711s9999 xx 000 0 und d
082
_b
75679
100
_a
भट विठ्ठलराय
245
_a
युगपुरु ष पंSाक
260
_c
1991
300
_a
72
600
_a
भट विठ्ठलराय
630
_a
युगपुरु ष पंSाक
700
_a
भट विठ्ठलराय
730
_a
युगपुरु ष पंSाक
942
_c
BOOK
999
_c
289092
_d
289092